[Event "Bad Zwesten op 9th"]
[Site "Bad Zwesten"]
[Date "2005.01.05"]
[Round "5"]
[White "Wild, Wiltrud"]
[Black "Becker, Jonas"]
[Result "0-1"]
[WhiteElo "1131"]
[BlackElo "1250"]
[PlyCount "114"]
[EventDate "2005.01.02"]
[EventType "swiss"]
[EventRounds "9"]
[EventCountry "GER"]
[SourceTitle "CBM 104 Extra"]
[Source "ChessBase"]
[SourceDate "2005.03.01"]
[SourceVersion "1"]
[SourceVersionDate "2005.03.01"]
[SourceQuality "1"]

1. c4 g6 2. Nc3 Bg7 3. d4 d6 4. e4 Nh6 5. Be2 e6 6. f4 f6 7. Nf3 Nf7 8. Be3 0-0 9. 0-0 b6 10. Qc2 Nd7 11. d5 e5 12. Nd4 exd4 13. Bxd4 Re8 14. Rad1 Nf8 15. Bf3 Re7 16. Rfe1 Qe8 17. Qe2 f5 18. Bxg7 Kxg7 19. Qd2 Kg8 20. exf5 Bxf5 21. g4 Bc8 22. Rxe7 Qxe7 23. Re1 Qd7 24. Ne4 Qd8 25. Qc3 Nd7 26. Re2 Ba6 27. g5 Rb8 28. Nf6+ Nxf6 29. gxf6 Qf8 30. Re6 Rd8 31. b3 Bc8 32. Re7 Rd7 33. Qe3 Rxe7 34. Qxe7 Qxe7 35. fxe7 Bd7 36. Kg2 Nh6 37. h3 Kf7 38. Kg3 Nf5+ 39. Kh2 Kxe7 40. Bg4 Bc8 41. a4 Bd7 42. Kg2 Nd4 43. Bxd7 Kxd7 44. b4 Ne2 45. Kf3 Nc3 46. a5 Na4 47. Ke3 Nb2 48. Kd4 Ke7 49. Kc3 Nd1+ 50. Kb3 Nf2 51. h4 Nd3 52. Ka4 Kd7 53. Kb5 Kc8 54. Ka4 Nxf4 55. Kb5 Nd3 56. axb6 axb6 57. Ka4 h6 0-1

[Event "Bad Zwesten op 9th"]
[Site "Bad Zwesten"]
[Date "2005.01.03"]
[Round "3"]
[White "Wild, Wiltrud"]
[Black "Hoedtke, Joern"]
[Result "0-1"]
[WhiteElo "1131"]
[BlackElo "1679"]
[PlyCount "55"]
[EventDate "2005.01.02"]
[EventType "swiss"]
[EventRounds "9"]
[EventCountry "GER"]
[SourceTitle "CBM 104 Extra"]
[Source "ChessBase"]
[SourceDate "2005.03.01"]
[SourceVersion "1"]
[SourceVersionDate "2005.03.01"]
[SourceQuality "1"]

1. c4 e5 2. Nc3 Nf6 3. Nf3 Nc6 4. g3 d6 5. Bg2 Be6 6. d3 Be7 7. Bd2 0-0 8. 0-0 Qd7 9. Ng5 Bf5 10. e4 Bg4 11. Qa4 Nd4 12. Qxd7 Nxd7 13. f3 Bh5 14. Nd5 Bd8 15. b4 c6 16. Nc3 h6 17. Nh3 f5 18. exf5 a5 19. Ne4 d5 20. Nd6 axb4 21. Rab1 Rxa2 22. Bxb4 c5 23. g4 cxb4 24. Rxb4 Be8 25. Rxb7 Nc5 26. Rb8 Bc6 27. Re1 Nxd3 28. Rxe5 0-1